000 00372nam a2200133Ia 4500
008 230917s9999||||xx |||||||||||||| ||und||
040 _e93993
_aMAIN
041 _aEnglish
082 _a822.8 S26T:S
100 _aTaxak, Surender Singh
245 0 _aShaw's saint joan as a religious play: With special reference to the church vs the maid
300 _a50 p.
942 _cTH
999 _c73278
_d73278